01001nam a2200289 a 450000100060000000300080000600500170001400800410003102000150007202000210008703500140010804000230012204100080014504300120015308200300016510000290019524501560022426000660038030000320044649000380047850000350051650000190055150400290057065100580059971000160065783000380067376079BD-RjUL20211209082803.0191022s1977 mdu b 001 0 eng d a0801820014 a0801820065 (pbk) a(BD-RjUL) aDLCcUBYdm.cbeng aeng af-iv--- a338.9015118223bGOI 197710aGoreux, Louis M.,d1927-10aInterdependence in planning :bmultilevel programming studies of the Ivory Coast /cLouis M. Goreux, with contributions by Penny Davis and René Vaurs aBaltimore ;aLondon :bJohns Hopkins University Press,cc1977 axv, 413 p. :bill. ;c23 cm1 aA World Bank research publication a"Published for the World Bank" aIncludes index aBibliography: p. 403-407 0aCôte d'IvoirexEconomic policyxMathematical models2 aWorld Bank. 2aA World Bank research publication